[Event "Titled Tuesday intern op 10th Aug"]
[Site "Chess.com INT"]
[Date "2021.08.10"]
[Round "6"]
[White "Piesik, Piotr"]
[Black "Rodriguez Hernandez, Luis Daniel"]
[Result "1/2-1/2"]
[WhiteElo "2404"]
[BlackElo "2385"]
[PlyCount "191"]
[EventDate "2021.08.10"]
[EventType "swiss (blitz)"]
[EventRounds "11"]
[EventCountry "USA"]
[SourceTitle "CBM 203 Extra"]
[Source "ChessBase"]
[SourceDate "2021.09.30"]
[SourceVersion "1"]
[SourceVersionDate "2021.09.30"]
[SourceQuality "1"]

1. Nf3 Nf6 2. g3 g6 3. Bg2 Bg7 4. 0-0 0-0 5. d4 d6 6. Nbd2 Nc6 7. e4 e5 8. dxe5 dxe5 9. c3 Qe7 10. Qe2 Rd8 11. b4 a6 12. a4 Be6 13. Ba3 Qe8 14. Nc4 Nd7 15. Rfd1 h6 16. Ne3 Nf6 17. Nd2 Rab8 18. b5 axb5 19. axb5 Na7 20. Bb4 Nxb5 21. Ndc4 Bd7 22. Nd5 Nxd5 23. Rxd5 Bc6 24. Rxd8 Rxd8 25. Na5 Bf8 26. Bxf8 Kxf8 27. Qc4 Qe6 28. Qxe6 fxe6 29. Nxc6 bxc6 30. c4 Nc3 31. Bf3 Rd3 32. Kg2 Rd4 33. Ra7 Nxe4 34. Rxc7 Rxc4 35. Bxe4 Rxe4 36. Rxc6 Kf7 37. Kf3 Re1 38. Rc4 Kf6 39. Re4 Ra1 40. h4 Ra3+ 41. Kg2 Kf5 42. Rb4 g5 43. hxg5 hxg5 44. g4+ Kf6 45. f3 Rd3 46. Kf2 Rd4 47. Rb5 Rf4 48. Ke3 e4 49. fxe4 Rxg4 50. Ra5 Rg3+ 51. Kf2 Rb3 52. Rc5 Ra3 53. Rb5 Rc3 54. Ra5 Kg6 55. Re5 Kf6 56. Ra5 Rb3 57. Rc5 Rb4 58. Kf3 Ra4 59. Rb5 Ra1 60. Rc5 Rf1+ 61. Ke2 Rf4 62. Ke3 Rh4 63. Kf3 Rh3+ 64. Kf2 g4 65. Ra5 Rf3+ 66. Ke2 Rf4 67. Ke3 Rf3+ 68. Ke2 e5 69. Rb5 Rh3 70. Kf2 Rf3+ 71. Ke2 Rc3 72. Kf2 Ra3 73. Rc5 g3+ 74. Kg2 Re3 75. Ra5 Ke6 76. Ra6+ Ke7 77. Rg6 Kf7 78. Rxg3 Rxe4 79. Kf3 Ra4 80. Rg5 Kf6 81. Rh5 Ra3+ 82. Ke4 Ra4+ 83. Ke3 Rb4 84. Rh6+ Kf5 85. Rh5+ Kf6 86. Rh6+ Kg5 87. Rh8 Kf5 88. Rf8+ Ke6 89. Re8+ Kd6 90. Rd8+ Ke7 91. Rh8 Ra4 92. Rh6 Kf7 93. Kf3 Kg7 94. Re6 Rf4+ 95. Ke3 Rf1 96. Rxe5 1/2-1/2

[Event "Titled Tuesday intern op 27th July"]
[Site "Chess.com INT"]
[Date "2021.07.27"]
[Round "10"]
[White "Rodriguez Hernandez, Luis Daniel"]
[Black "Le, Tuan Minh"]
[Result "1/2-1/2"]
[WhiteElo "2385"]
[BlackElo "2514"]
[PlyCount "157"]
[EventDate "2021.07.27"]
[EventType "swiss (blitz)"]
[EventRounds "11"]
[EventCountry "USA"]
[SourceTitle "CBM 203 Extra"]
[Source "ChessBase"]
[SourceDate "2021.09.30"]
[SourceVersion "1"]
[SourceVersionDate "2021.09.30"]
[SourceQuality "1"]

1. e4 c5 2. c3 Nf6 3. e5 Nd5 4. d4 cxd4 5. Nf3 Nc6 6. Bc4 Nb6 7. Bb3 d5 8. exd6 e6 9. cxd4 Bxd6 10. Nc3 0-0 11. 0-0 Be7 12. a3 Bd7 13. Qd3 Rc8 14. Bf4 Re8 15. Rad1 Bf8 16. Ng5 g6 17. d5 exd5 18. Nxd5 Be6 19. Nxe6 fxe6 20. Nc7 Qxd3 21. Rxd3 Re7 22. Bxe6+ Rxe6 23. Nxe6 Be7 24. Nc7 Bf6 25. b4 Be5 26. Bxe5 Nxe5 27. Rc3 Rd8 28. Ne6 Rd6 29. Nc5 Rd2 30. Nxb7 Nd5 31. Rc8+ Kg7 32. Rd8 Nf7 33. Rd7 Kf6 34. Re1 Nh6 35. Nc5 Nf5 36. Ne4+ Ke6 37. Nc5+ Kf6 38. Ne4+ Ke6 39. Rd8 Ke7 40. Nxd2+ Kxd8 41. Nc4 Kc7 42. Ne5 Nb6 43. Rc1+ Kb7 44. Nc4 Nd4 45. Nxb6 Ne2+ 46. Kf1 Nxc1 47. Na4 Kc6 48. Nc3 Nd3 49. Ke2 Nb2 50. Ke3 Nc4+ 51. Kd4 Nxa3 52. g4 Nc2+ 53. Kc4 Ne1 54. h4 Nf3 55. h5 Ne5+ 56. Kd4 Nxg4 57. hxg6 hxg6 58. f3 Nf6 59. Ke5 Nh5 60. Ke6 Kb6 61. Kd5 Nf4+ 62. Ke5 Nd3+ 63. Kf6 Nxb4 64. Kxg6 Kc5 65. f4 Kc4 66. Na4 Nd5 67. f5 Kb4 68. Nb2 Kc3 69. Na4+ Kb4 70. Nb2 Kb3 71. Nd3 a5 72. f6 Nxf6 73. Kxf6 Kc4 74. Nb2+ Kb3 75. Nd3 Kc3 76. Nc5 Kc4 77. Na4 Kb4 78. Nb2 a4 79. Nxa4 1/2-1/2

[Event "Titled Tuesday intern op 27th July"]
[Site "Chess.com INT"]
[Date "2021.07.27"]
[Round "5"]
[White "Rodriguez Hernandez, Luis Daniel"]
[Black "Volkov, Maksim"]
[Result "1-0"]
[WhiteElo "2385"]
[BlackElo "2128"]
[PlyCount "69"]
[EventDate "2021.07.27"]
[EventType "swiss (blitz)"]
[EventRounds "11"]
[EventCountry "USA"]
[SourceTitle "CBM 203 Extra"]
[Source "ChessBase"]
[SourceDate "2021.09.30"]
[SourceVersion "1"]
[SourceVersionDate "2021.09.30"]
[SourceQuality "1"]

1. e4 c5 2. c3 e6 3. d4 d5 4. exd5 exd5 5. Nf3 Nf6 6. Bb5+ Bd7 7. Bxd7+ Nbxd7 8. 0-0 Be7 9. dxc5 Nxc5 10. Nd4 0-0 11. Qf3 Re8 12. Nf5 Bf8 13. Bg5 Nce4 14. Bh4 Qb6 15. b3 Rac8 16. g4 h6 17. Rd1 g6 18. Ne3 Bg7 19. Nxd5 Nxd5 20. Rxd5 Nxc3 21. Nxc3 Rxc3 22. Qd1 Qc6 23. Rb1 Rc2 24. a4 Ree2 25. Bg3 Qb6 26. Rd6 Qc5 27. Rd8+ Kh7 28. Qd5 Qb6 29. Rd6 Qb4 30. Rd7 Qxg4 31. Qxf7 Qxd7 32. Qxd7 h5 33. h4 Red2 34. Qxb7 Kh6 35. Bf4+ 1-0

[Event "Titled Tuesday intern op 20th July"]
[Site "Chess.com INT"]
[Date "2021.07.20"]
[Round "1"]
[White "Navalgund, Niranjan"]
[Black "Rodriguez Hernandez, Luis Daniel"]
[Result "0-1"]
[WhiteElo "2289"]
[BlackElo "2385"]
[PlyCount "60"]
[EventDate "2021.07.20"]
[EventType "swiss (blitz)"]
[EventRounds "11"]
[EventCountry "USA"]
[SourceTitle "CBM 203 Extra"]
[Source "ChessBase"]
[SourceDate "2021.09.30"]
[SourceVersion "1"]
[SourceVersionDate "2021.09.30"]
[SourceQuality "1"]

1. d4 Nf6 2. c4 g6 3. Nc3 Bg7 4. e4 0-0 5. Bd3 d6 6. Nge2 c5 7. d5 e6 8. h3 exd5 9. exd5 Na6 10. 0-0 Nc7 11. Bg5 Rb8 12. Qd2 a6 13. a4 Bd7 14. f4 h6 15. Bh4 Ne4 16. Nxe4 Qxh4 17. Nxd6 f5 18. Qe3 b6 19. a5 Qf6 20. axb6 Rxb6 21. Qxc5 Qxd6 22. Qxd6 Rxd6 23. c5 Rxd5 24. Bc4 Bb5 25. Bxd5+ Nxd5 26. Kf2 Bxb2 27. Ra2 Bxe2 28. Kxe2 Nc3+ 29. Kf3 Nxa2 30. Rf2 Rb8 0-1

[Event "Titled Tuesday intern op 20th July"]
[Site "Chess.com INT"]
[Date "2021.07.20"]
[Round "11"]
[White "Rodriguez Hernandez, Luis Daniel"]
[Black "Maltsevskaya, Aleksandra"]
[Result "1/2-1/2"]
[WhiteElo "2385"]
[BlackElo "2382"]
[PlyCount "244"]
[EventDate "2021.07.20"]
[EventType "swiss (blitz)"]
[EventRounds "11"]
[EventCountry "USA"]
[SourceTitle "CBM 203 Extra"]
[Source "ChessBase"]
[SourceDate "2021.09.30"]
[SourceVersion "1"]
[SourceVersionDate "2021.09.30"]
[SourceQuality "1"]

1. e4 c5 2. c3 g6 3. e5 Bg7 4. Nf3 d5 5. exd6 Qxd6 6. Na3 Nf6 7. Bb5+ Nc6 8. Nc4 Qc7 9. 0-0 0-0 10. Re1 Be6 11. Rxe6 fxe6 12. Qe2 Kh8 13. Ng5 Nd8 14. Ne5 Nd5 15. Nef3 a6 16. Ba4 b5 17. Bc2 c4 18. h4 Qf4 19. h5 Qg4 20. hxg6 Nf4 21. Qf1 Nxg6 22. d4 Nf7 23. Nh2 Qh5 24. g4 Qh4 25. Ngf3 Qf6 26. g5 Nxg5 27. Bxg5 Qf7 28. Qh3 Kg8 29. Re1 e5 30. dxe5 e6 31. Be3 Rad8 32. Bd4 h6 33. Qh5 Nf4 34. Qxf7+ Rxf7 35. Re4 Nd3 36. b3 cxb3 37. axb3 Nc1 38. Kg2 Na2 39. Re1 Rc8 40. Re3 b4 41. c4 a5 42. Be4 Rd7 43. Bg6 Bf8 44. Re4 Bc5 45. Rg4 Rg7 46. Bxc5 Rxc5 47. Kg3 Rc8 48. Be4 Rxg4+ 49. Kxg4 Kg7 50. Bc2 Nc3 51. Kf4 a4 52. bxa4 Rxc4+ 53. Ke3 Nd5+ 54. Kd2 Rc3 55. Nd4 Ra3 56. Nxe6+ Kf7 57. Nc5 Rc3 58. Ne4 Ra3 59. Nc5 Rc3 60. Nb3 Rh3 61. Nf1 h5 62. Ng3 h4 63. Ne4 Rh1 64. Ng5+ Ke7 65. Be4 Nc3 66. Bxh1 h3 67. Nxh3 Nxa4 68. f4 Nb6 69. Kd3 Nd7 70. Kc4 Ke6 71. Kxb4 Nxe5 72. fxe5 Kxe5 73. Nf2 Kf4 74. Nc1 Ke3 75. Ncd3 Ke2 76. Kc4 Ke3 77. Kd5 Ke2 78. Kd4 Kf1 79. Be4 Kg1 80. Ng4 Kf1 81. Nf4 Kg1 82. Kc3 Kf1 83. Kd3 Ke1 84. Ke3 Kf1 85. Nd3 Kg1 86. Kf4 Kf1 87. Kg3 Kg1 88. Bd5 Kf1 89. Bg2+ Ke2 90. Nge5 Ke3 91. Bf3 Kd4 92. Kf2 Kc3 93. Ke3 Kb3 94. Kd4 Ka4 95. Nc4 Kb5 96. Kc3 Ka6 97. Kb4 Ka7 98. Kb5 Kb8 99. Kb6 Kc8 100. Bc6 Kd8 101. Ne3 Ke7 102. Ng4 Ke6 103. Ndf2 Kf5 104. Kc5 Kf4 105. Kd4 Kf5 106. Ke3 Ke6 107. Ke4 Kd6 108. Ne5 Kc5 109. Nfd3+ Kd6 110. Kd4 Ke6 111. Be4 Kd6 112. Nc5 Ke7 113. Kd5 Kf6 114. Nf3 Ke7 115. Ke5 Kf7 116. Bd5+ Ke7 117. Ne4 Kd7 118. Nd4 Ke7 119. Nc5 Kd8 120. Kf6 Kc7 121. Na4 Kd6 122. Bc4 Kd7 1/2-1/2

[Event "Titled Tuesday intern op 20th July"]
[Site "Chess.com INT"]
[Date "2021.07.20"]
[Round "6"]
[White "Rodriguez Hernandez, Luis Daniel"]
[Black "Sjugirov, Sanan"]
[Result "1-0"]
[WhiteElo "2385"]
[BlackElo "2661"]
[PlyCount "97"]
[EventDate "2021.07.20"]
[EventType "swiss (blitz)"]
[EventRounds "11"]
[EventCountry "USA"]
[SourceTitle "CBM 203 Extra"]
[Source "ChessBase"]
[SourceDate "2021.09.30"]
[SourceVersion "1"]
[SourceVersionDate "2021.09.30"]
[SourceQuality "1"]

1. e4 c6 2. d4 d5 3. Nc3 dxe4 4. Nxe4 Nf6 5. Nxf6+ exf6 6. c3 Bd6 7. Bd3 0-0 8. Qc2 Re8+ 9. Ne2 h5 10. Be3 Nd7 11. Ng3 Qa5 12. b4 Qd5 13. Be4 Qe6 14. Bh7+ Kh8 15. Nxh5 Nb6 16. Ng3 Nd5 17. Be4 Nxe3 18. fxe3 f5 19. Nxf5 Bc7 20. Ng3 Qh6 21. 0-0-0 Qxe3+ 22. Kb2 Qh6 23. Bf5 Kg8 24. Rhe1 Bxf5 25. Nxf5 Qf6 26. g4 g6 27. Ne3 Qh4 28. Re2 a5 29. a3 axb4 30. axb4 Qh3 31. Rd3 Qf3 32. Re1 Qe4 33. Ng2 Qxg4 34. Rxe8+ Rxe8 35. Rd2 Bxh2 36. Ne3 Rxe3 37. Rxh2 Rh3 38. Rg2 Qe6 39. Re2 Qd7 40. Qe4 Kg7 41. Qe5+ Kh7 42. Rf2 Kg8 43. Qb8+ Kg7 44. Qe5+ Kg8 45. Qb8+ Kg7 46. Qe5+ Kh7 47. Qb8 Rh5 48. Qf8 f5 49. Re2 1-0

[Event "Titled Tuesday intern op 20th July"]
[Site "Chess.com INT"]
[Date "2021.07.20"]
[Round "5"]
[White "Silich, Yahor"]
[Black "Rodriguez Hernandez, Luis Daniel"]
[Result "0-1"]
[WhiteElo "2319"]
[BlackElo "2385"]
[PlyCount "114"]
[EventDate "2021.07.20"]
[EventType "swiss (blitz)"]
[EventRounds "11"]
[EventCountry "USA"]
[SourceTitle "CBM 203 Extra"]
[Source "ChessBase"]
[SourceDate "2021.09.30"]
[SourceVersion "1"]
[SourceVersionDate "2021.09.30"]
[SourceQuality "1"]

1. e4 e5 2. Nf3 Nc6 3. Bc4 Nf6 4. d3 Bc5 5. 0-0 a6 6. c3 Ba7 7. a4 0-0 8. h3 d6 9. Re1 Be6 10. Bxe6 fxe6 11. b4 Qe8 12. Nbd2 Nh5 13. Nc4 Qg6 14. Ra2 b5 15. axb5 axb5 16. Na5 Ne7 17. Kh2 Nf4 18. g3 Nh5 19. Be3 Bb6 20. Qe2 c5 21. Rea1 Qf7 22. Ng5 Qg6 23. Nf3 Rab8 24. Nb3 c4 25. dxc4 Qxe4 26. Nbd2 Qc6 27. cxb5 Qxc3 28. Bxb6 Rxb6 29. Ra8 Rbb8 30. Rxb8 Rxb8 31. Qc4 Qxa1 32. Qxe6+ Kh8 33. Qxe7 h6 34. Qxd6 Re8 35. Qd7 Nf6 36. Qf5 e4 37. Nh4 Qb2 38. Ng6+ Kg8 39. Nc4 Qxb4 40. Ne3 Qd2 41. b6 Qd7 42. Qxd7 Nxd7 43. Nd5 Kf7 44. Ngf4 Rb8 45. h4 g5 46. hxg5 hxg5 47. Ne2 Ke6 48. Nc7+ Ke5 49. Nb5 Rxb6 50. Nbd4 Nf6 51. Kg2 Rb2 52. Kf1 Ng4 53. Nc6+ Kd5 54. Ncd4 Kc4 55. Kg2 Kd3 56. Kf1 Nh2+ 57. Kg2 Rxe2 0-1

[Event "Titled Tuesday intern op 13th July"]
[Site "Chess.com INT"]
[Date "2021.07.13"]
[Round "8"]
[White "Aldokhin, Ivan"]
[Black "Rodriguez Hernandez, Luis Daniel"]
[Result "0-1"]
[WhiteElo "2413"]
[BlackElo "2385"]
[PlyCount "36"]
[EventDate "2021.07.13"]
[EventType "swiss (blitz)"]
[EventRounds "11"]
[EventCountry "USA"]
[SourceTitle "CBM 203 Extra"]
[Source "ChessBase"]
[SourceDate "2021.09.30"]
[SourceVersion "1"]
[SourceVersionDate "2021.09.30"]
[SourceQuality "1"]

1. e4 e5 2. Nf3 Nc6 3. Bb5 a6 4. Ba4 Nf6 5. 0-0 b5 6. Bb3 Bb7 7. Re1 Bc5 8. Nxe5 Bxf2+ 9. Kxf2 Nxe5 10. d4 Nfg4+ 11. Kg1 Qh4 12. dxe5 Qxh2+ 13. Kf1 Qh1+ 14. Ke2 Qxg2+ 15. Kd3 Nf2+ 16. Kc3 Nxd1+ 17. Rxd1 c5 18. a3 Qxe4 0-1

[Event "Titled Tuesday intern op 13th July"]
[Site "Chess.com INT"]
[Date "2021.07.13"]
[Round "10"]
[White "Deviprasath, Sharvesh"]
[Black "Rodriguez Hernandez, Luis Daniel"]
[Result "0-1"]
[WhiteElo "2243"]
[BlackElo "2385"]
[PlyCount "56"]
[EventDate "2021.07.13"]
[EventType "swiss (blitz)"]
[EventRounds "11"]
[EventCountry "USA"]
[SourceTitle "CBM 203 Extra"]
[Source "ChessBase"]
[SourceDate "2021.09.30"]
[SourceVersion "1"]
[SourceVersionDate "2021.09.30"]
[SourceQuality "1"]

1. Nf3 Nf6 2. c4 g6 3. Nc3 Bg7 4. d4 0-0 5. Bg5 d6 6. Qd2 Nbd7 7. Bh6 c5 8. Bxg7 Kxg7 9. e4 cxd4 10. Nxd4 Nc5 11. f3 a5 12. 0-0-0 a4 13. g4 h5 14. g5 Nfd7 15. f4 e5 16. Ndb5 exf4 17. Qxd6 Qxg5 18. Rd5 Qf6 19. Qxf6+ Kxf6 20. Nd6 b6 21. e5+ Nxe5 22. Nce4+ Nxe4 23. Nxe4+ Ke6 24. Ng5+ Kf5 25. h4 Re8 26. Bh3+ Kf6 27. Ne4+ Kg7 28. Rg1 Bxh3 0-1